| 000 | 01005nam a22002417a 4500 | ||
|---|---|---|---|
| 001 | 48040 | ||
| 003 | BD-RjUL | ||
| 005 | 20211209054439.0 | ||
| 008 | 160811s2000 bg ||||| |||| 00| 0 ben d | ||
| 020 | _c : TK 50.00 | ||
| 035 | _a(BD-RjUL)48159 | ||
| 040 |
_aBD-RjUL _bben _cBD-RjUL |
||
| 041 | _aben | ||
| 082 |
_223 _a891.443 _bALP 1994-2012 |
||
| 100 | 1 |
_aআলী, মোঃ নওসাদ _9120166 |
|
| 245 | 1 | 4 |
_aপ্রোটোকল বিভ্রাট = The protocol illusion / _c মোঃ নওসাদ আলী |
| 260 |
_aরাজশাহী : _bফাহিমা রহমান বিউটি, _c২০০০-২০১২ |
||
| 300 |
_aখণ্ড ; _c২১ সেমি. |
||
| 505 | _aখণ্ড ১-- খণ্ড ২-- খণ্ড ৩ --- খণ্ড ৪ --- খণ্ড ৫ --- খণ্ড ৬-- | ||
| 650 |
_aবাংলা সাহিত্য - কল্পকাহিনী _9145671 |
||
| 650 |
_aBengali Literature--Fiction _9137885 |
||
| 942 |
_2ddc _cBK |
||
| 999 |
_c48040 _d48040 |
||